000 00492nam a22001937a 4500
003 MPLRDC
005 20220104162400.0
008 210129b ||||| |||| 00| 0 eng d
020 _a7-5395-2864-8
082 _a859.6 WMZ-2
100 _a伍美珍
245 _a非常QQ事件
_c
250 _a一版一刷
260 _a中国
_b福建少年儿童出版社
_c2006
300 _b
490 _a花衣裳精品口袋书
650 _a儿童文学--小说
942 _cBK
_o859.6 WMZ-2
999 _c55938
_d55928